000 01645nam0a2200301 i 4500
001 RU\NLR\BIBL_A\010918928
005 20240921161435.0
010 _a9785833608555
_9100
021 _aRU
_b2015-90768
_95591
035 _a(NILC)RuMoRGB-008078678
035 _a(NLR Aleph) 010918928
090 _a10667166
_c10667166
100 _a20151204d2015 u y0rusy50 ca
101 0 _arus
102 _aRU
105 _aa|||jg|||||y|
200 1 _aПерспективы и практика применения международных стандартов финансовой отчетности (МСФО) в России региональными российскими компаниями
_eучебно-справочное пособие
_fВ. В. Аркаути
_gМ-во образования и науки Российской Федерации, Федеральное гос. бюджетное образовательное учреждение высш. проф. образования "Северо-Осетинский гос. ун-т им. К. Л. Хетагурова"
210 _aВладикавказ
_cИзд-во СОГУ
_d2015
215 _a51 с.
_cил., табл.
_d21
320 _aБиблиогр.: с. 51
606 1 _aБухгалтерский учет
_jСправочники
_xОтчетность
_xСтандартизация международная
_92368234
_3RU\NLR\AUTH\661413701
686 1 _aУ052.02-15я2
700 1 _aАркаути
_bВ. В.
_gВита Викторовна
801 0 _aRU
_bРГБ
_c20151124
_gRCR
942 _cBOOK
980 _aNBR